Cách mạng tháng Tám năm 1945 - Cuộc cách mạng giải phóng con người /
Enregistré dans:
| Auteur principal: | |
|---|---|
| Format: | Article |
| Langue: | Vietnamese |
| Sujets: | |
| Tags: |
Ajouter un tag
Pas de tags, Soyez le premier à ajouter un tag!
|
| Thư viện lưu trữ: | Thư viện Trường Đại học Đà Lạt |
|---|
| LEADER | 00846nam a2200277 4500 | ||
|---|---|---|---|
| 001 | DLU180183571 | ||
| 005 | ##20180130 | ||
| 040 | # | # | |a DLU |b vie |
| 041 | # | # | |a vie |
| 044 | # | # | |a vn |
| 100 | # | # | |a Đinh Xuân Lý. |
| 245 | # | # | |a Cách mạng tháng Tám năm 1945 - Cuộc cách mạng giải phóng con người / |c Đinh Xuân Lý. |
| 653 | # | # | |a Cách mạng tháng Tám |
| 653 | # | # | |a Giải phóng con người |
| 653 | # | # | |a Quyền con người |
| 773 | # | # | |t Tạp chí Nghiên cứu Con người = Human Studies |g Số 4(79), 2015, tr. 3-10 |
| 920 | # | # | |a Phòng Tạp chí -- Trung tâm Thông tin - Thư viện Trường Đại học Đà Lạt |
| 933 | # | # | |a XH |
| 994 | # | # | |a DLU |
| 900 | # | # | |a True |
| 911 | # | # | |a Hoàng Thị Huyền |
| 925 | # | # | |a G |
| 926 | # | # | |a A |
| 927 | # | # | |a BB |
| 980 | # | # | |a Thư viện Trường Đại học Đà Lạt |